000 00751nam a22002057a 4500
005 20161123121608.0
010 _aENG-116617
020 _a9789351436706
_c1995.00
035 _aEN-100149
037 _bDBAD/PUB
082 _a346.54066
100 _aIyer L.V.V.
245 _aGuide to company directors :
_bpower, rights, duties, liabilities, corporate social responsibilities and company precedents a treatise under companies act 2013 & 1956 /
_cby L.V.V. Iyer
250 _a4th ed.
260 _aGurgaon
_bLexisNexis
_c2016
270 _a14th Floor, Building No.10, Tower-B, DLF Cyber City, Phase-II
_bGurgaon
_e122002
300 _acIix,1286p.
_c22cm(pbk)
500 _aIncludes index
942 _2ddc
_cEN
_mIYE
_h346.54066
999 _c104721
_d104721